000 00955nam a2200289Ia 4500
001 Para_1428
003 CHAP
008 220125s1999 xx 000 0 und d
010 _a200175
040 _cCHAP
090 _aPA TESIS 1369
100 _aCampos Figueroa, Manuel
_918102
245 _aPropuesta de un módulo con ambiente semicontrolado para la producción de grana cochinilla (Dactylopius coccus Costa) /
_c por Manuel Campos Figueroa
260 _aMontecillo, Texcoco, Edo. de México :
_b El autor
300 _a45 h.
502 _aTesis (M.C. en Entomología y Acarología), CP. Instituto Fitosanidad
650 _aCochinilla del nopal
_924209
650 _aNopal
_x plagas
_981689
710 _aCP. Instituto de Fitosanidad
_9164498
901 _aPA TESIS 1369
902 _aA
905 _a0000001999 a 0000000000 00
910 _a1999
942 _cPARA
942 _cPARA
_d1
999 _c200175
_d200175